000
nam a22 7a 4500
999
_c
329317
_d
329317
003
Nust
005
20170503105526.0
008
170503b xxu||||| |||| 00| 0 eng d
040
_c
dlc
082
_a
624 GOP
100
_4
Gopi, Satheesh
245
_a
Basic Civil Engoneering
942
_2
ddc
_c
BK